500 Most Published Marvel Mutants - Statistics

General Stats
  • This quiz has been taken 65 times
    34 since last reset
  • The average score is 117 of 500
Answer Stats
Issues Answer % Correct
255 Logan
100%
540 Talon
100%
153 Wolverine (Laura Kinney)
100%
4129 Wolverine (Logan)
100%
59 Beast
95%
2333 Chairman (Dr. Hank McCoy)
95%
1740 Phoenix
95%
1682 Professor X
95%
1589 Angel/Archangel
91%
2668 Cyclops
91%
72 Deadpool (Ellie Camacho)
91%
1150 Magneto
91%
1503 Nightcrawler
91%
2284 Storm
91%
1288 Rogue
86%
320 Apocalypse
82%
619 Askani
82%
871 Cable
82%
1507 Colossus
82%
914 Gambit
82%
728 Havok
82%
1476 Iceman
82%
820 Magik
82%
622 Mystique
82%
1320 Shadowcat
82%
639 Sunspot
82%
1259 White Queen
82%
472 Banshee
77%
301 Blob
77%
537 Domino
77%
656 Jubilee
77%
21 Pyro (Simon Lasker)
77%
183 Pyro (St. John Allerdyce)
77%
306 Siryn
77%
271 Toad
77%
585 Bishop
73%
304 Black King
73%
38 Blink
73%
846 Cannonball
73%
585 Polaris
73%
622 Sabretooth
73%
258 Sunfire
73%
34 War
73%
24 War (Abraham Kieros)
73%
434 Warpath
73%
46 Black Bishop (Shinobi Shaw)
68%
925 Captain Britain
68%
439 Forge
68%
158 Mastermind (Jason Wyngarde)
68%
31 Mastermind (Martinique Wyngarde)
68%
180 Psylocke
68%
32 Lady Phoenix
64%
142 Legion
64%
62 Mimic
64%
1866 Namor
64%
45 Omega
64%
15 Scramble
64%
544 Wolfsbane
64%
176 X-Man
64%
261 Armor
59%
309 Karma
59%
177 Leech
59%
345 Multiple Man
59%
127 Avalanche
55%
29 Changeling
55%
66 Darwin
55%
342 Hope Summers
55%
321 Kid Omega
55%
279 Magma
55%
414 Northstar
55%
66 Thunderbird (John Proudstar)
55%
55 Thunderbird (Neal Shaara)
55%
292 Aurora
50%
28 Azazel
50%
137 Caliban
50%
143 Callisto
50%
136 Dark Beast
50%
33 Death
50%
336 Hellverine
50%
322 Pixie
50%
303 Revelation
50%
264 Shatterstar
50%
321 Strong Guy
50%
67 Vulcan
50%
145 Black Tom Cassidy
45%
13 Cam Long
45%
496 Dazzler
45%
428 Firestar
45%
14 Franklin Richards (Future)
45%
212 Glob Herman
45%
165 Marrow
45%
541 Mirage
45%
67 Morph (Benji Deeds)
45%
162 Omega Red
45%
679 Powerhouse
45%
39 Shadow King (Amahl Farouk)
45%
66 Tempest
45%
62 Xorn
45%
64 Arclight
41%
100 Beak
41%
144 Black Priestess
41%
389 Boom-Boom
41%
256 Celeste Cuckoo
41%
168 Destiny
41%
129 Dr. Cecilia Reyes
41%
178 Elixir
41%
77 Esme Cuckoo
41%
80 Firefist
41%
257 Mindee Cuckoo
41%
325 Moira X
41%
270 Phoebe Cuckoo
41%
80 Sophie Cuckoo
41%
72 Cassandra Nova
36%
143 Egg
36%
289 Husk
36%
24 Lifeguard
36%
109 Maverick
36%
572 Ms. Marvel
36%
203 Prodigy
36%
98 Proteus
36%
91 Silver Samurai
36%
94 Vanisher
36%
305 Anole
32%
50 Bedlam
32%
43 Bolt
32%
286 Chamber
32%
173 Dust
32%
27 Famine
32%
28 Famine (Autumn Rolfson)
32%
157 Goblin Queen
32%
219 Hellion
32%
44 Holocaust
32%
58 Lady Mastermind
32%
47 Riptide
32%
54 Silver Fox
32%
104 Speed
32%
52 Unus the Untouchable
32%
210 Box
27%
79 Copycat
27%
42 Doorman
27%
27 Genesis
27%
144 Genesis (Evan Sabahnur)
27%
509 Krakoa
27%
154 Namora
27%
46 Negasonic Teenage Warhead
27%
89 Nocturne
27%
20 Pestilence (Plague)
27%
322 Rictor
27%
327 Rockslide
27%
298 Sage
27%
84 Shark-Girl
27%
121 Tempus
27%
268 Wiccan
27%
14 Wrongslide
27%
21 Zeitgeist
27%
15 Beautiful Dreamer
23%
13 Black Queen (Lourdes Chantel)
23%
108 Eye-Boy
23%
71 Fabian Cortez
23%
117 Fenris (Andreas von Strucker)
23%
19 ForgetMeNot
23%
111 Gentle
23%
112 Gwenpool
23%
59 Joseph
23%
330 Justice
23%
297 Kymaera
23%
15 Morgan Red
23%
19 Namorita
23%
358 Penance
23%
19 Quill
23%
573 Spectrum
23%
46 Sugar Man
23%
19 Sunder
23%
170 Wild Child
23%
33 Zero
23%
152 Artie Maddicks
18%
15 Basilisk
18%
48 Big Bertha
18%
38 Black Bishop (Harry Leland)
18%
145 Bling!
18%
38 Blockbuster
18%
99 Cerebella
18%
32 Commando
18%
197 Doctor Nemesis
18%
45 Erg
18%
182 Exodus
18%
58 Fenris (Andrea von Strucker)
18%
111 Feral
18%
100 Gateway
18%
61 Harpoon
18%
21 John Wraith
18%
75 Maggott
18%
29 Mammomax
18%
67 Mesmero
18%
47 Mikhail Rasputin
18%
26 Pestilence
18%
12 Pestilence (Ichisumi)
18%
65 Random
18%
59 Shard
18%
167 Skin
18%
21 Slipstream
18%
47 Sprite
18%
31 Squid-Boy
18%
49 Stacy X
18%
135 Stryfe
18%
196 Surge
18%
44 Tarot
18%
185 Typhoid Mary
18%
156 Whirlwind
18%
109 Whizzer
18%
177 Abigail Brand
14%
49 Amelia Voght
14%
13 Ape
14%
101 Armageddon Girl
14%
114 Blindfold
14%
44 Cipher
14%
116 Darkstar
14%
53 Dead Girl
14%
71 Empath
14%
69 Ernst
14%
49 Flatman
14%
183 Frenzy
14%
282 Gloriana
14%
99 Gorgon
14%
60 Icarus
14%
28 Isca the Unbeaten
14%
97 Jimmy Hudson
14%
19 Lorelei Travis
14%
140 Manifold
14%
62 Masque
14%
92 Match
14%
132 Molly Hayes
14%
34 Mondo
14%
16 Mondo (Clone)
14%
19 Mr. M
14%
82 M-Twins
14%
150 Pete Wisdom
14%
37 Phat
14%
63 Primal
14%
22 Rasputin IV
14%
54 Sabra
14%
144 Scout
14%
14 Sharon King
14%
23 Shocker
14%
69 Shriek
14%
208 Synch
14%
223 Temper
14%
77 Transonic
14%
35 U-Go Girl
14%
59 Velocidad
14%
41 White Bishop
14%
77 Wind Dancer
14%
39 Wolf Cub
14%
54 Zorn
14%
16 Aero
9%
42 Agent X
9%
56 Anarchist
9%
63 Arakko
9%
71 Asp
9%
15 Astra
9%
14 Axo
9%
21 Beef
9%
35 Bei the Blood Moon
9%
18 Birdy
9%
13 Black Knight
9%
18 Bloodlust
9%
31 Bloodstorm
9%
15 Bronze
9%
22 Burner
9%
27 Calico
9%
15 Cerebra
9%
29 Collective Man
9%
56 Cyber
9%
29 Deathdream
9%
13 Decay
9%
30 Dragoness
9%
13 Dryad
9%
16 Fauna
9%
62 Fitzroy
9%
18 Flashback
9%
59 Forearm
9%
13 Freakshow
9%
36 Goblyn
9%
62 Graymalkin
9%
118 Greycrow
9%
22 Grizzly
9%
24 Healer
9%
40 Hijack
9%
25 Hindsight
9%
13 Hub
9%
21 Hurricane
9%
65 Indra
9%
32 Jenny Ransome
9%
14 Jen Starkey
9%
39 Jetstream
9%
27 Jitter
9%
125 Layla Miller
9%
21 Lifter
9%
53 Living Monolith
9%
92 Loa
9%
13 Longstrike
9%
14 Maggie Braddock
9%
43 Malice
9%
44 Manikin
9%
21 Megaton
9%
14 Melee
9%
164 Mercury
9%
116 Miss America (Madeline Joyce)
9%
75 Monarch
9%
19 Mortis
9%
21 Mysterio
9%
29 Onyxx
9%
60 Outlaw
9%
41 Pathway
9%
37 Peeper
9%
82 Persuasion
9%
26 Phaser
9%
24 Pipeline
9%
33 Prism
9%
26 Rain Boy
9%
28 Ransom
9%
59 Reaper
9%
25 Risque
9%
40 Roulette
9%
41 Scrambler
9%
24 Senyaka
9%
33 Siena Blaze
9%
125 Silhouette
9%
45 Skein
9%
92 Skids
9%
25 Skybolt
9%
23 Solem
9%
14 Specter
9%
13 Spider-Girl (Gwen Warren)
9%
14 Spider-Girl (Maka Akana)
9%
19 Stonewall
9%
24 Super Sabre
9%
31 Tag
9%
63 Tempo
9%
18 Tier Sinclair
9%
14 Tower
9%
82 Trance
9%
74 Triage
9%
39 Unuscione
9%
79 Ursa Major
9%
16 Vange Whedon
9%
37 Venus Dee Milo
9%
45 Wallflower
9%
16 White Sword
9%
20 Wicked
9%
42 Wither
9%
46 Wiz-Kid
9%
19 Absalom
5%
17 Abyss
5%
25 Adam-X
5%
13 Amass
5%
17 Armageddon
5%
46 Belladonna
5%
20 Bevatron
5%
69 Bombshell
5%
12 Brutha Nature
5%
64 Bushwacker
5%
33 Candra
5%
24 Carter Ghazikhanian
5%
38 Catseye
5%
20 Cosmar
5%
25 Courier
5%
23 Crosta
5%
21 Crule
5%
34 Curse
5%
12 D-Cel
5%
14 Deadbolt
5%
71 Diamond Lil
5%
14 Dirtnap
5%
20 DJ
5%
28 Eduardo Lobo
5%
18 El Águila
5%
72 Emplate
5%
60 Escapade
5%
23 Face
5%
39 Fatale
5%
21 Feint
5%
22 Fever Pitch
5%
23 Flex
5%
22 Fontanelle
5%
18 Galura
5%
22 Gamesmaster
5%
32 Gibbon
5%
44 Gideon
5%
15 Gone Girl
5%
13 Gust
5%
27 Harlan & Sven Kleinstock
5%
14 Hemingway
5%
18 Hightail
5%
21 Hollow
5%
14 Hybrid
5%
16 Javitz
5%
32 Jumbo Carnation
5%
13 Karasu-Tengu
5%
14 Katu Kath
5%
25 Khora of the Burning Heart
5%
33 Klara Prast
5%
16 Knockout
5%
17 Kobak Never-Held
5%
55 Kraven the Hunter
5%
47 Kylun
5%
13 Kymera
5%
20 Lactuca the Knower
5%
13 Lacuna
5%
25 Larry Trask
5%
15 Lightbright
5%
101 Lila Cheney
5%
19 Litterbug
5%
53 Llyra
5%
14 Locus
5%
12 Loolo
5%
17 Lost
5%
39 Mad Jim Jaspers
5%
169 Major Victory
5%
73 Mandrill
5%
16 Manon
5%
15 Manslaughter
5%
15 Maxime
5%
36 Melter
5%
105 Mentallo
5%
18 Microbe
5%
40 Micromax
5%
13 Milan
5%
20 Mindblast
5%
65 Mister Sensitive
5%
26 Mister X
5%
48 Mordred
5%
23 Murmur
5%
49 Nanny
5%
78 Nekra
5%
16 Nicodemus
5%
52 Night Thrasher
5%
13 Ora Serrata
5%
43 Orphan-Maker
5%
21 Phantazia
5%
13 Plasma
5%
20 Post
5%
62 Puff Adder
5%
30 Radius
5%
22 Razorback
5%
17 Redroot the Forest
5%
50 Ricochet
5%
15 Rubber Maid
5%
16 Sapphire Styx
5%
20 Saul
5%
40 Scanner
5%
21 Shola Inkose
5%
13 Sister Staff
5%
24 Slither
5%
17 Snake Whip
5%
24 Sobunar of the Depths
5%
59 Sphinx
5%
132 Spitfire
5%
19 Spoor
5%
19 Spyne
5%
17 Strobe
5%
19 Third Eye
5%
16 Thornn
5%
39 Threnody
5%
12 Thumbelina
5%
22 Timeslip
5%
20 Tito Bohusk
5%
45 Trinary
5%
82 Vanguard
5%
55 Vivisector
5%
15 Weaponless Zsen
5%
92 Widget
5%
52 Wildside
5%
27 Xandra Neramani
5%
18 Xilo
5%
29 Adrienne Frost
0%
20 Albedo
0%
15 Animax
0%
30 Black Box
0%
24 Bliss
0%
12 Catiana
0%
50 Chinook
0%
17 Cordelia Frost
0%
17 Ghast
0%
12 Headhunter
0%
29 Judas Traveller
0%
17 Kafka
0%
22 Kiden Nixon
0%
17 Lodus Logos
0%
31 Midnight's Fire
0%
31 Nuklo
0%
36 Portal
0%
28 Roughouse
0%
20 Shortpack
0%
17 Solarr
0%
33 Somnus
0%
23 Spider-Queen
0%
105 Starhawk
0%
19 Trân Cao Mạnh
0%
16 Valentine Vuong
0%
No matching quizzes found
Score Distribution
Percent of People with Each Score
Percentile by Number Answered
Your Score History
You have not taken this quiz since the last reset